000 00303cam a22001097a 4500
008 180718b1929 xxu||||| |||| 00| 0 eng d
082 _aA99 C777
100 _aCoolidge, Calvin
245 _aAutobiography of Calvin Coolidge
_cby Calvin Coolidge
260 _aLondon
_bChatto & Windus
_c1929
300 _a246p
999 _c416431
_d416431